000 01174nam a2200337 a 4500
001 2563513
003 OSt
005 20140310181653.0
008 951228s1995 nyua c 000 1 eng d
010 _a 95069981
020 _a0786840560 (pbk.) :
_c$4.95
035 _a(OCoLC)33870373
040 _aMiWaOW
_cMiWaOW
_dIChamL
_dDLC
042 _alccopycat
_alcac
050 0 0 _aPZ 7
_b.D612 1995
082 0 0 _aKF
_bW17t 1995
100 1 _aDubowski, Cathy East.
_93774
245 1 0 _aDisney's Toy story /
_cDubuwski,East Cathy
246 3 _aToy story
250 _a1st ed.
260 _aNew York :
_bDisney Press,
_cc1995.
300 _a104 p. :
_bcol. ill. ;
_c22 cm.
520 _aWoody the cowboy and Buzz Lightyear, two talking toys, find themselves uneasy allies when they attempt to escape the evil Sid, a boy who likes to dismember and reassemble "mutant" toys.
541 _j1
562 _e1
650 1 _aToys
_xFiction.
_93775
906 _a7
_bcbc
_ccopycat
_d2
_eopcn
_f19
_gy-gencatlg
942 _2lcc
_cBK-KF
_kKF
999 _c1043
_d1043